000 00437nam a2200181Ia 4500
005 20240913125537.0
008 240913s9999||||xx |||||||||||||| ||und||
041 _aENGLISH
082 _A623.87236 P7
100 _aGriffiths,Denis
245 0 _aMarineMedium Speed Diesel Engines
250 _a1st
260 _c2007
_bIMarEST,L
_aLondon
500 _aREFERENCE
650 _aMarine engg.
_bMarine
942 _cREF
999 _c245767
_d245767